| 000 | 00000nam##2200000za#4500 |
| 001 | 9.572763 |
| 003 | CaOODSP |
| 005 | 20210624183356 |
| 007 | cr ||||||||||| |
| 008 | 150406|2008||||xxc|||||o f|0| 0 eng|d |
| 022 | |a1701-1280 |
| 040 | |aCaOODSP|beng |
| 043 | |an-cn--- |
| 086 | 1 |aFs70-4/2007-053E-PDF |
| 110 | 1 |aCanada. |bDepartment of Fisheries and Oceans. |
| 245 | 10|aFinal report of the Fisheries Oceanography Committee 2007 annual meeting : |h[electronic resource]|b3-5 April 2007, Bedford Institute of Oceanography, Dartmouth, Nova Scotia / |c[by] Michael Sinclair. |
| 246 | 3 |aRapport final de la réunion annuelle 2007 du Comité océanographique des pêches |
| 260 | |aDartmouth - Nova Scotia : |bFisheries and Oceans Canada |cJanuary 2008. |
| 300 | |a107p.|bcoloured figs., coloured maps, graphs, references, tables |
| 490 | 1 |aCanadian Science Advisory Secretariat proceedings series|x1701-1280|v2007/053 |
| 546 | |aChiefly English, with bilingual foreword and summary. |
| 590 | |a11-32-Supp|b2011-12-20 |
| 720 | 1 |aSinclair, Michael |
| 830 | #0|aProceedings series (Canadian Science Advisory Secretariat)|x1701-1280|v2007/053|w(CaOODSP)9.506483 |
| 856 | 40|ahttp://publications.gc.ca|qPDF|s5.27 MB|uhttps://publications.gc.ca/collections/collection_2011/mpo-dfo/Fs70-4-2007-053-eng.pdf|y2007/053 |